| 000 | 00706nam a2200229 a 4500 | ||
|---|---|---|---|
| 005 | 20250205063746.0 | ||
| 008 | 020709s2000 mx r 000 0 spa d | ||
| 020 | _a9702600065 | ||
| 035 | _aUPN01000118018 | ||
| 049 | _aCG | ||
| 050 | 4 |
_aHF5387 _bV4.38 2000 |
|
| 100 | 1 | _aVelasquez, Manuel G. | |
| 245 | 1 | 0 |
_aEtica en los negocios : _bconceptos y casos / _cManuel G. Velasquez ; tr. Roberto Luis Escalona García. |
| 250 | _a4a. ed. | ||
| 260 |
_aMéxico : _bPearson educacion, _c2000. |
||
| 300 | _a510 p. | ||
| 534 | _pTraducción de: | ||
| 534 | _tBusiness ethics : concepts and cajes | ||
| 650 | 4 |
_aÉtica en los negocios _915096 |
|
| 650 | 4 |
_aAdministración industrial _9500 |
|
| 905 | _aLibro | ||
| 999 |
_c90413 _d90413 |
||